| 000 | 01663cam a22004574 4500 | ||
|---|---|---|---|
| 003 | PE-LiUPU | ||
| 005 | 20250731173421.0 | ||
| 008 | 2002 tnu | ||
| 020 | _a0881137154 | ||
| 035 | _a(Sirsi) i9780881137156 | ||
| 035 | _a(Sirsi) 47301 | ||
| 035 | _a(Sirsi) 47301 | ||
| 082 | 0 | 4 |
_a248.4 _bM77 |
| 100 | 1 |
_aMontaño, Vicente, _eautor. |
|
| 245 |
_aNo es cuestión de dinero / _cVicente Montaño. |
||
| 264 | 1 |
_aNashville, TN : _bCaribe, _c2002 |
|
| 300 |
_a146 páginas ; _c21 centímetros |
||
| 336 |
_atext _2rdacontent |
||
| 337 |
_aunmediated _2rdamedia |
||
| 338 |
_avolume _2rdacarrier |
||
| 505 | 0 | _aHonra a Dios -- El cielo se detiene -- Recibido o rechazado -- Aprenda a temer -- Cuando la honra se convierte en obediencia -- ¿Es un deber la constancia? -- ¿Dar por gratitud o por capacidad? -- No se tarde -- Cambio de estilo de vida. | |
| 526 | _aSEG42 | ||
| 526 | _aSEG41 | ||
| 526 | _aSEG40 | ||
| 526 | _aSEG39 | ||
| 526 | _aP94 | ||
| 526 | _aP87 | ||
| 526 | _aP86 | ||
| 526 | _aP85 | ||
| 526 | _aP77 | ||
| 526 | _aP76 | ||
| 526 | _aP35 | ||
| 650 | 1 | 4 | _aVida cristiana |
| 942 |
_2ddc _cBOOK |
||
| 949 |
_a248.4 M77 _i64951 _lCCODEBUL1 _mBUL _tLIBRO _o.STAFF. Colección General |
||
| 859 |
_q64951 _h248.4 _iM77 |
||
| 910 |
_agl _bjv _clch _d20120626 |
||
| 596 | _a1 | ||
| 999 |
_a248.4 M77 _wDEWEY _c53660 _i64951 _d53660 _e2019-6-11 _f2021-11-10 _g4 _lCCODEBUL1 _mBUL _n3 _p13.00 _r0 _sY _tBOOK _u2015-7-6 _xTEOLOGIA _PP35 _0COMPRA _o.STAFF. Colección Teología |
||
| 980 |
_81 _gALBERTO SANCHEZ Responsable de Automatización |
||